Beyond continuity : institutional change in advanced political economies. / (Record no. 747)

MARC details
000 -LEADER
fixed length control field 02782cam a22004094a 4500
001 - CONTROL NUMBER
control field 13761987
003 - CONTROL NUMBER IDENTIFIER
control field OSt
005 - DATE AND TIME OF LATEST TRANSACTION
control field 20210414113929.0
008 - FIXED-LENGTH DATA ELEMENTS--GENERAL INFORMATION
fixed length control field 041026s2005 enka b 001 0 eng
010 ## - LIBRARY OF CONGRESS CONTROL NUMBER
LC control number 2004025247
020 ## - INTERNATIONAL STANDARD BOOK NUMBER
International Standard Book Number 0199280452 (alk. paper)
020 ## - INTERNATIONAL STANDARD BOOK NUMBER
International Standard Book Number 0199280460 (pbk. : alk. paper)
040 ## - CATALOGING SOURCE
Original cataloging agency DLC
Transcribing agency DLC
Modifying agency DLC
042 ## - AUTHENTICATION CODE
Authentication code pcc
043 ## - GEOGRAPHIC AREA CODE
Geographic area code e------
-- n-us---
050 00 - LIBRARY OF CONGRESS CALL NUMBER
Classification number HB99.5.B488
082 00 - DEWEY DECIMAL CLASSIFICATION NUMBER
Classification number 338.5/01
Edition number 22
245 00 - TITLE STATEMENT
Title Beyond continuity : institutional change in advanced political economies. /
Statement of responsibility, etc. edited by Wolfgang Streeck and Kathleen Thelen.
260 ## - PUBLICATION, DISTRIBUTION, ETC.
Place of publication, distribution, etc. Oxford ;
-- New York :
Name of publisher, distributor, etc. Oxford University Press,
Date of publication, distribution, etc. 2005.
300 ## - PHYSICAL DESCRIPTION
Extent xviii, 290 p. :
Other physical details ill. ;
Dimensions 24 cm.
504 ## - BIBLIOGRAPHY, ETC. NOTE
Bibliography, etc. note Includes bibliographical references and index.
505 ## - FORMATTED CONTENTS NOTE
Formatted contents note Contents : Introduction: Instituitional change in advanced political economies -- Policy drift:The Hidden politics of US welfare state retrenchment -- Changing dominant practice: making use of instiutional diversity in Hungary and the United Kingdom -- Redeploying the state: liberalization and social policy in France -- Ambiguous agreement, cumulative change: French social policy in the 1990s -- Routine adjustment and bounded innovation: The Changing political economy of Japan -- Change from within:German and Italian finance in the 1990s Institutional resettlement: The Case of early retirement in Germany -- Contested boundaries: ambiguity and creativity in the evolution of German codetermination -- Adaptation, recombination, and reinforcement: The Story of antitrust and competition law in Germany and Europe.
520 ## - SUMMARY, ETC.
Summary, etc. "This book examines current theories of institutional change. The chapters highlight the limitations of these theories. Instead a model emerges of contemporary political economies developing in incremental but cumulatively transformative processes"--Provided by publisher.
650 #0 - SUBJECT ADDED ENTRY--TOPICAL TERM
Topical term or geographic name entry element Institutional economics
Form subdivision Case studies.
650 #0 - SUBJECT ADDED ENTRY--TOPICAL TERM
Topical term or geographic name entry element Organizational change
Geographic subdivision Europe
Form subdivision Case studies.
650 #0 - SUBJECT ADDED ENTRY--TOPICAL TERM
Topical term or geographic name entry element Capitalism
Geographic subdivision Europe
Form subdivision Case studies.
650 #0 - SUBJECT ADDED ENTRY--TOPICAL TERM
Topical term or geographic name entry element Organizational change
Geographic subdivision United States
Form subdivision Case studies.
650 #0 - SUBJECT ADDED ENTRY--TOPICAL TERM
Topical term or geographic name entry element Capitalism
Geographic subdivision United States
Form subdivision Case studies.
700 1# - ADDED ENTRY--PERSONAL NAME
Personal name Streeck, Wolfgang,
Dates associated with a name 1946-
700 1# - ADDED ENTRY--PERSONAL NAME
Personal name Thelen, Kathleen Ann.
856 41 - ELECTRONIC LOCATION AND ACCESS
Materials specified Table of contents only
Uniform Resource Identifier <a href="http://www.loc.gov/catdir/toc/ecip052/2004025247.html">http://www.loc.gov/catdir/toc/ecip052/2004025247.html</a>
856 42 - ELECTRONIC LOCATION AND ACCESS
Materials specified Publisher description
Uniform Resource Identifier <a href="http://www.loc.gov/catdir/enhancements/fy0640/2004025247-d.html">http://www.loc.gov/catdir/enhancements/fy0640/2004025247-d.html</a>
856 42 - ELECTRONIC LOCATION AND ACCESS
Materials specified Contributor biographical information
Uniform Resource Identifier <a href="http://www.loc.gov/catdir/enhancements/fy0726/2004025247-b.html">http://www.loc.gov/catdir/enhancements/fy0726/2004025247-b.html</a>
906 ## - LOCAL DATA ELEMENT F, LDF (RLIN)
a 7
b cbc
c orignew
d 1
e ecip
f 20
g y-gencatlg
942 ## - ADDED ENTRY ELEMENTS (KOHA)
Source of classification or shelving scheme Library of Congress Classification
Koha item type Books
Holdings
Withdrawn status Lost status Source of classification or shelving scheme Damaged status Not for loan Home library Current library Shelving location Date acquired Total Checkouts Full call number Barcode Date last seen Copy number Price effective from Koha item type
    Library of Congress Classification     WISCONSIN INTERNATIONAL UNIVERSITY COLLEGE, GHANA - MAIN LIBRARY WISCONSIN INTERNATIONAL UNIVERSITY COLLEGE, GHANA - MAIN LIBRARY Reference 23/04/2012   HB99.5.B488 1835/12 23/04/2012 1 23/04/2012 Books
    Library of Congress Classification     WISCONSIN INTERNATIONAL UNIVERSITY COLLEGE, GHANA - MAIN LIBRARY WISCONSIN INTERNATIONAL UNIVERSITY COLLEGE, GHANA - MAIN LIBRARY Reference 23/04/2012   HB99.5.B4881 1836/12 23/04/2012 2 23/04/2012 Books

If you have any concerns or questions; kindly contact the library


© Powered by WIUC ICT DIRECTORATE